| 000 | 00966nam a2200289 i 4500 | ||
|---|---|---|---|
| 003 | EG-ScBUE | ||
| 005 | 20241208102706.0 | ||
| 008 | 161222t2013 ii a f b 001 0 eng d | ||
| 020 | _a9788131776483 | ||
| 040 |
_aEG-ScBUE _beng _erda _cEG-ScBUE _dEG-ScBUE |
||
| 082 | 0 | 4 |
_222 _a519.535 _bMUL |
| 245 | 0 | 0 |
_aMultivariate data analysis : _ba global perspective / _cJoseph F. Hair, Kennesaw State University [and three others] |
| 250 | _aSeventh edition. | ||
| 264 | 1 |
_aNew Delhi : _bPearson Education, _c[2013] |
|
| 264 | 4 | _cc2013 | |
| 300 |
_axxviii, 800 pages : _billustrations ; _c24 cm |
||
| 336 |
_2rdacontent _atext _btxt |
||
| 337 |
_aunmediated _2rdamedia _bn |
||
| 338 |
_avolume _bnc _2rdacarrier |
||
| 504 | _aIncludes bibliographical references and index. | ||
| 650 | 7 |
_2BUEsh _9726 _aMultivariate analysis. |
|
| 651 | _2BUEsh | ||
| 653 |
_bBUSADM _cDecember2016 |
||
| 655 | _vReading book | ||
| 700 | 1 |
_aHair, Joseph F., _eauthor. |
|
| 942 |
_2ddc _cBB |
||
| 999 |
_c23691 _d23663 |
||